Airlines That Fly To Washington Dulles - Statistics

General Stats
  • This quiz has been taken 96 times
  • The average score is 32 of 47
Answer Stats
Take A Guess % Correct
American Airlines
95%
British Airways
94%
United Airlines
91%
Air India
85%
Delta Air Lines
85%
Lufthansa
85%
KLM
83%
Air France
82%
Emirates
82%
Aeroflot
80%
Southwest Airlines
78%
Virgin Atlantic
78%
Aer Lingus
77%
Air China
77%
Qatar Airways
77%
Avianca
75%
Avianca El Salvador
75%
Etihad Airways
74%
Frontier Airlines
74%
Korean Air
74%
Brussels Airlines
72%
Alaska Airlines
69%
Swiss International Air Lines
69%
Iberia
66%
All Nippon Airways
65%
Austrian Airlines
65%
Copa Airlines
65%
Icelandair
65%
Alitalia
63%
South African Airways
63%
Royal Air Maroc
62%
TAP Air Portugal
62%
Turkish Airlines
62%
Ethiopian Airlines
60%
Saudia
60%
Cathay Pacific
55%
Egyptair
55%
Scandinavian Airlines
55%
LOT Polish Airlines
51%
United Express
51%
Air Canada Express
49%
American Eagle
49%
Sun Country Airlines
49%
Porter Airlines
48%
Delta Connection
43%
Volaris Costa Rica
34%
Cabo Verde Airlines
32%
No matching quizzes found
Score Distribution
Percent of People with Each Score
Percentile by Number Answered
Your Score History
You have not taken this quiz